| 000 | 01281nam a22003377a 4500 | ||
|---|---|---|---|
| 003 | OSt | ||
| 005 | 20260703092950.0 | ||
| 008 | 260703b ar ||||| |||| 00| | spa d | ||
| 040 | _aHCSPBA | ||
| 041 | _aspa | ||
| 100 | _aGranada, Luis de | ||
| 245 |
_aObras del V. P. M. Fray Luis de Granada. _nTomo 3. |
||
| 260 |
_aMadrid. _bM. Rivadeneyra. _c1863. |
||
| 300 | _a3 v. | ||
| 490 |
_aBiblioteca de autores españoles, desde la formación del lenguaje hasta nuestros días _v 11 |
||
| 505 | _aIndice | ||
| 505 | _aTrece sermones del V.P.M. Fr. Luis de Granada | ||
| 505 | _aCompendio y explicación de la doctrina cristiana | ||
| 505 | _aBreve memorial y guía de lo que debe hacer el cristiano | ||
| 505 | _aDiscurso del ministerio de la encarnación del hijo de Dios | ||
| 505 | _aOración al glorioso patriarca sancto Domingo. Compendio de la doctrina espiritual | ||
| 505 | _aVida del bienaventurado P. Sant Juan Clímaco | ||
| 505 | _aEscala espiritual | ||
| 505 | _aContemptus mundi, o menosprecio del mundo y imitación de Cristo | ||
| 505 | _aLos seis libros de la retórica eclesiástica, o de la manera de predicar | ||
| 650 | _aLITERATURA | ||
| 650 | _aHISTORIA | ||
| 651 | _aESPAÑA | ||
| 700 |
_aMora, José Joaquín _e10 |
||
| 942 | _cLIB | ||
| 999 |
_c65175 _d134644 |
||